Yabancı kaynaklarda Türk-Ermeni ilişkileri (Record no. 2207)

MARC details
000 -BAŞLIK
Sabit Uzunlukta Kontrol Alanı 00746na a2200253 4500
001 - KONTROL NUMARASI
Denetim Alanı 15276
003 - KONTROL NUMARASI IDENTIFIER
Denetim Alanı MIRAKIL
005 - SON İŞLEM TARİHİ VE ZAMANI
Denetim Alanı 20181213154849.0
008 - SABİT-BOY VERİ ELEMANLARI - GENEL BİLGİLER
Sabit Uzunlukta Kontrol Alanı 161020b tu 000 0
020 ## - ULUSLARARASI STANDART KİTAP NUMARASI
Uluslararası Standart Kitap Numarası 9758913190
035 ## - SİSTEM KONTROL NUMARASI
Sistem Kontrol Numarası 15276
040 ## - KATALOGLAMA KAYNAK
Orijinal Kataloglama Ajansı Milas
Kataloglama Dili tur
Metne Dönüştürmek Ajansı TR-AnCHP
041 ## - DİL KODU
Metin / Ses Parça Veya Ayrı Başlığın Dil Kodu tur
082 ## - DEWEY ONLU SINIFLANDIRMA NUMARASI
Sınıflandırma Numarası 327.56104792
Ürün Numarası G96y 2006
090 ## - SINIFLAMA NUMARASI
Sınıflama Numarası 327.56104792 G96y 2006
100 ## - ANA GİRİŞ - KİŞİSEL İSİM
Kişisel Ad Gürel, Ahmet
245 ## - BAŞLIK TABLOSU
Başlık Yabancı kaynaklarda Türk-Ermeni ilişkileri
Başlığın Kalan (1071-2006)
Sorumluluk Tablosu, Vb Ahmet Gürel
260 ## - YAYIN, DAĞITIM, VB
Yayın, Dağıtım, Vb Yeri İzmir
Yayıncı, Dağıtıcı, Vs Adı Umay Yayınları
Yayın, Dağıtım, Vb Tarihi 2006
300 ## - FİZİKSEL TANIM
Kapsam 241 s.
Diğer Fiziksel Ayrıntıları fotğ.
Boyutlar 21 sm.
650 ## - KONU KATMA GİRİŞ - TOPİKAL DÖNEM
Topikal Süreli Veya Coğrafi Ad Giriş Elemanı Ermeniler
Genel Alt Bölümü Osmanlı İmparatorluğu
Kronolojik Alt Bölümü Türkiye
650 ## - KONU KATMA GİRİŞ - TOPİKAL DÖNEM
Topikal Süreli Veya Coğrafi Ad Giriş Elemanı Uluslararası ilişkiler
Coğrafi Alt Bölümü Türkiye
-- Ermenistan
650 ## - KONU KATMA GİRİŞ - TOPİKAL DÖNEM
Topikal Süreli Veya Coğrafi Ad Giriş Elemanı Ermeniler
Genel Alt Bölümü Tarih
942 ## - EKLENDİ GİRİŞ ELEMANLARI (KOHA)
Sınıflandırma Veya Raf Düzeni Kaynak Dewey Decimal Classification
Koha Öğesi Türü Books
999 ## - SİSTEM KONTROL NUMARALARI (KOHA)
Koha Biblionumber 2207
Koha Biblioitemnumber 2207
Holdings
Kalıcı Konum Mevcut Konum Edinme Tarihi Edinim Kaynak Toplam Check-Out'Lar Tam Çağrı Numarası Barkod Tarih Son Görülme İtibaren Geçerli Fiyatlar Koha Öğesi Türü
CHP Kütüphanesi CHP Kütüphanesi 09/07/2016 Bağış   327.56104792 G96y 2006 005033 09/07/2016 09/07/2016 Books